000 00350nam a2200157Ia 4500
003 OSt
005 20240221145044.0
008 170524s9999 xx 000 0 und d
020 _a978-0070841628
040 _cIIMT UNIVERSITY MEERUT
100 _aLander Cyril W
245 0 _aPower Electronic
260 _bMGH
260 _c1993
942 _2ddc
_c02
999 _c5067
_d5067